Hazte experto en inteligencia emocional (Registro nro. 8409)
[ vista simple ]
| 000 -CABECERA | |
|---|---|
| campo de control de longitud fija | 00816nam a22002777a 4500 |
| 005 - FECHA Y HORA DE ACTUALIZACIÓN | |
| campo de control | 20160912133135.0 |
| 008 - LONGITUD FIJA | |
| campo de control de longitud fija | 160912b xxu||||| |||| 00| 0 spa d |
| 020 ## - INTERNATIONAL STANDARD BOOK NUMBER | |
| Número Internacional Estándar del Libro | 9788433027849 |
| 041 ## - IDIOMA | |
| Código de idioma del texto/pista de sonido o título separado | |
| 082 ## - CLASIFICACIÓN DECIMAL DEWEY | |
| Número de clasificación | 153.9 C235h2 |
| 100 ## - AUTOR PERSONAL | |
| Nombre de persona | Cañizares Gil, Olga |
| 100 ## - AUTOR PERSONAL | |
| Nombre de persona | García de Leaniz Sempere, Carmen |
| 245 ## - TÍTULO PROPIAMENTE DICHO | |
| Título | Hazte experto en inteligencia emocional |
| 250 ## - EDICIÓN | |
| Mención de edición | 2 edición |
| 260 ## - PIE DE IMPRENTA | |
| Lugar de publicación, distribución, etc. | España |
| Nombre del editor, distribuidor, etc. | Desclée de Brouwer |
| Fecha de publicación, distribución, etc. | 2015 |
| 300 ## - DESCRIPCIÓN FÍSICA | |
| Extensión | 342 páginas |
| 650 ## - Materia General | |
| Materia general | INTELIGENCIA EMOCIONAL |
| 650 ## - Materia General | |
| Materia general | NEUROCIENCIA |
| 650 ## - Materia General | |
| Materia general | AUTOCONOCIMIENTO |
| 650 ## - Materia General | |
| Materia general | RESPUESTA EMOCIONAL |
| 650 ## - Materia General | |
| Materia general | AUTOESTIMA |
| 650 ## - Materia General | |
| Materia general | REGULACIÓN EMOCIONAL |
| 650 ## - Materia General | |
| Materia general | AUTOMOTIVACIÓN |
| 650 ## - Materia General | |
| Materia general | CONCIENCIA SOCIAL |
| 942 ## - Punto de Acceso Adicional Koha | |
| Tipo de ítem Koha | Libro |
| Estado perdido | Estado dañado | No para préstamo | Biblioteca permanente | Biblioteca actual | Signatura completa | Código de barras | Precio efectivo a partir del | Tipo de ítem |
|---|---|---|---|---|---|---|---|---|
| Departamento de Biblioteca y Documentación Alfonso Chase Brenes | Departamento de Biblioteca y Documentación Alfonso Chase Brenes | 153.9 C235h2 | 21354 | 12/09/2016 | Libro |